000 00280nam a22001337a 4500
008 170615b xxu||||| |||| 00| 0 eng d
020 _a0830410694
041 _aeng
080 _a32
100 _a19
101 _aSHP
245 _aPOLITICAL THEORY
_cWISER, J
942 _2udc
_cBK
999 _c17448
_d17448